| 000 | 00729nam a2200241 u 4500 | ||
|---|---|---|---|
| 005 | 20240912063858.0 | ||
| 008 | 170907s1992 ag r 000 0 spa d | ||
| 020 | _a9505818777 | ||
| 035 | _aUPN01000220323 | ||
| 049 | _aI | ||
| 050 | 4 |
_aPZ78 _bU5.9 |
|
| 100 | 1 |
_aUhalde, Leticia, _d1942-1991 _941860 |
|
| 245 | 1 | 0 |
_aSueños / _cLeticia Uhalde, Raúl Fortín. |
| 260 |
_aBuenos Aires : _bColihue, _c1992. |
||
| 300 |
_a[12] p. : _btotlmente il. col. |
||
| 440 | 4 |
_aLos libros dibujados ; _v17 |
|
| 650 | 0 |
_aAventuras y aventureros _94121 |
|
| 650 | 4 |
_aSueños _vLiteratura infantil _924862 |
|
| 650 | 4 |
_aCuentos infantiles argentinos _97466 |
|
| 700 | 1 |
_aFortín, Raúl, _ecoaut. |
|
| 905 | _aInfantil | ||
| 999 |
_c192422 _d192422 |
||